000 00650cab a2200241 4500
001 WB3513-61
008 090401t1999 xxu||||| |||| 00| 0 eng d
035 _a(Sirsi) u92643
041 _aeng
245 _aCurtilage
260 _c1999
350 _a0
490 _aEstates Gazette Case Summaries
_v[1999] EGCS 48 (3/4/99)
650 _aCURTILAGE
650 _aENFORCEMENT NOTICES
650 _aLISTED BUILDINGS
650 _aMATERIAL CONSIDERATIONS
650 _aSKERRITS OF NOTTINGHAM LTD
650 _aSOS ENVIRONMENT TRANSPORT AND THE REGIONS
690 _aPLANNING LAW AND PRACTICE-CASE LAW
942 _n0
948 _c08/04/1999
999 _c58715
_d58715